000 00544nam a2200169 i 4500
001 89209
003 ES-MaACL
005 20230906180118.0
007 t|
008 050105s1969 sp ||||1| spa d
100 1 _aLarrañaga Mendía, Julio.
_970315
245 1 0 _aGeografía de Tolomeo
_b: ensayo /
_cJulio Larrañaga Mendía.
260 _a[S.l. :
_bs.n.,
_c1969]
300 _a13 h. ;
_c27 cm.
500 _aEs separata de: "Boletín de Información del Servicio Geográfico del Ejército, nº 10"
852 _aES-MaACL
_j2076-F-4
_bR.74802
999 _c89209
_d89209